|
|
|
|
| LEADER |
007240000a22002530004500 |
| 020 |
|
|
|a 0-67-004921-2
|
| 082 |
|
|
|a 954.792 P4
|
| 100 |
|
|
|a Suketu Mehta; Author
|
| 245 |
|
|
|a Maximum city: Bombay lost and found
|
| 250 |
|
|
|
| 260 |
|
|
|a New Delhi, Penguin Books India(P) Ltd
|
| 260 |
|
|
|c 2004
|
| 460 |
|
|
|a 584p
|
| 465 |
|
|
|a Rs.595.00
|
| 500 |
|
|
|a Suketu Mehta
|
| 650 |
|
|
|a Bombay (India)
|
| 650 |
|
|
|a Civilization
|
| 650 |
|
|
|a Economic conditions
|
| 650 |
|
|
|a History
|
| 650 |
|
|
|a Maharashtra (India)
|
| 650 |
|
|
|a Social conditions
|
| 942 |
|
|
|c BK
|
| 999 |
|
|
|c 33721
|d 33721
|
| 952 |
|
|
|0 0
|1 0
|4 0
|6 954_792000000000000_P4
|7 0
|8 ENG
|9 34004
|a MGUL
|b MGUL
|d 2013-07-16
|e Rs.595.00
|l 0
|o 954.792 P4
|p 34115
|r 2013-07-16
|w 2013-07-16
|y BK
|